Finančná analýza spoločnosti Asseco Slovakia, a.s. s dôrazom na zlepšenie trhovej pozície spoločnosti diplomová práca

Salvato in:
Dettagli Bibliografici
Autore principale: Juráš, Jozef
Ente Autore: Fakulta podnikového manažmentu EU. Katedra podnikových financií
Altri autori: Zalai, Karol
Natura: Libro
Lingua:slovacco
Pubblicazione: Bratislava 2009
Tags: Aggiungi Tag
Nessun Tag, puoi essere il primo ad aggiungerne!!

MARC

LEADER 00000nam$a2200000$$$4500
001 0101416
005 20240319124512.6
041 0 |a slo 
044 |a SK 
245 1 0 |a Finančná analýza spoločnosti Asseco Slovakia, a.s. s dôrazom na zlepšenie trhovej pozície spoločnosti  |b diplomová práca  |c Jozef Juráš ; škol. Karol Zalai 
264 1 |a Bratislava  |c 2009 
300 |a 76 s. 
100 1 |a Juráš, Jozef 
700 1 |a Zalai, Karol 
710 2 |a Fakulta podnikového manažmentu EU. Katedra podnikových financií